000 01043nam a22003011 4500
001 6037
003 BD-RjUL
005 20211208234155.0
008 140108s1965 enka b 000 0 eng d
035 _a(BD-RjUL) 6076
040 _aDLC/ICU
_cICU
_dDLC
_d(BD-RjUL)
_beng
041 _aeng
082 0 0 _bWAI
100 1 _aWass, C. A. A.
_918974
245 1 0 _aIntroduction to electronic analogue computers /
_cby C.A.A. Wass and K.C. Garner.
250 _a2d rev. and enl. ed.
260 _aOxford :
_aNew York :
_bPergamon Press;
_c[1965]
300 _ax, 302 p. :
_billus. ;
_c23 cm.
490 1 _aInternational series of monographs in electronics and instrumentation,
_vv. 6
504 _aBibliography: p. 287-293.
650 0 _aElectronic analog computers.
_918975
830 0 _vv. 6.
_918986
700 1 _aGarner, K. C.
_q(Kenneth Charles),
_ejoint author.
_918977
830 0 _aInternational series of monographs on electronics and instrumentation ;
_918978
942 _2ddc
_cBK
999 _c6037
_d6037